| 000 | 01268cam a2200301Ia 4500 | ||
|---|---|---|---|
| 001 | oneteacherslife00howe | ||
| 003 | CaSfIA | ||
| 005 | 20210118194705.0 | ||
| 007 | cr|||| | ||
| 008 | 940210s1993 azuaco 000 0aeng d | ||
| 040 |
_aPNX _cPNX _dOCL _dCaSfIA |
||
| 020 | _c$20.00 (pbk.) | ||
| 035 | _a(OCoLC)29786089 | ||
| 043 | _an-us-az | ||
| 050 | 4 |
_aLA2317.H69 _bA3 1993 |
|
| 100 | 1 | _aHowe, Evelyn F. | |
| 245 | 1 | 0 |
_aOne teacher's life / _h[electronic resource] _cby Evelyn F. Howe. |
| 260 |
_a[Sahuarita, AZ : _bE.F. Howe, _c1993?] |
||
| 300 |
_a144 p. : _bill., ports., facsims. ; _c23 cm. |
||
| 600 | 1 | 0 | _aHowe, Evelyn F. |
| 650 | 0 |
_aTeachers _vBiography. |
|
| 651 | 0 |
_aArizona _vBiography. |
|
| 856 | 4 | 1 |
_uhttp://www.archive.org/details/oneteacherslife00howe _zFree eBook from the Internet Archive |
| 856 | 4 | 2 |
_uhttp://www.openlibrary.org/books/OL24237374M _zAdditional information and access via Open Library |
| 942 | _cEB | ||
| 506 | _fНеобхідна авторизація на https://archive.org/ (створення облікового запису безкоштовно) | ||
| 506 | _fНеобхідна авторизація на https://openlibrary.org/ (створення облікового запису безкоштовно) | ||
| 999 |
_c533000 _d533000 |
||